Normal view MARC view

Entry Personal Name

Number of records used in: 1

001 - CONTROL NUMBER

  • control field: 36351

003 - CONTROL NUMBER IDENTIFIER

  • control field: OSt

005 - DATE AND TIME OF LATEST TRANSACTION

  • control field: 20230303130016.0

008 - FIXED-LENGTH DATA ELEMENTS

  • fixed length control field: 230303|| aca||aabn | a|a d

040 ## - CATALOGING SOURCE

  • Original cataloging agency: OSt
  • Transcribing agency: OSt

100 ## - HEADING--PERSONAL NAME

  • Personal name: Snyder, Timothy

670 ## - SOURCE DATA FOUND

  • Source citation: Work cat.: (OSt)521147: Snyder, Timothy, Ukraine holds the future: The war between democracy and nihilism

Powered by Koha